| 000 | 00360 a2200121 4500 | ||
|---|---|---|---|
| 090 |
_c6552 _d6552 |
||
| 100 | _aIBM | ||
| 245 |
_aIntroduction to IBM DB2 universal database 8.1 (Student Guide) _cIBM |
||
| 260 |
_aUSA : _bInternational Business Machines Corporation, _c2003. |
||
| 300 |
_a812 p. : _bill. ; _c27 cm. |
||
| 500 | _aIBM Manual | ||
| 942 |
_cBK _k005.7565 IBM |
||
| 999 |
_c10383 _d10383 |
||